000 03333nam a22003377a 4500
001 1720
003 FISKH
005 20231003161645.0
008 230919b cb ||||| |||| 00| 0 khr d
020 _a9789924341710
040 _aFISKH
_beng
_cFISKH
_dFISKH
082 _a902
100 _aYeyeong
245 _a100 ហេតុការណ៍នៃប្រវត្តិសាស្រ្តពិភពលោក /
_bពីសង្រ្គាមលោកលើកទី១ រហូតដល់ការរំលាយសហភាពសូវៀត :
_cនិពន្ធដោយ យេ យ៉ង, ស៊ីន ជេហ្វាន់ និង ឆាន់ ដុងហូ - គូររូបដោយ ស៊ីន ជេហ្វាន់ និង ឆង់ ដុហូ - បកប្រែពីភាសាកូរ៉េដោយ ទូច វណ្ដា
260 _aPhnom Penh :
_bSipar,
_c2023.
300 _a116 pages :
_bcolor illustrations ;
_c23 cm
490 _aខ្ញុំចង់ដឹង
_v6
505 _aZ'
520 _a100 ហេតុការណ៍ គឺជាការបកប្រែនៃស៊េរីសៀវភៅរូបភាពថ្លុកកំប្លែងដែលមើលឃើញរបស់កូរ៉េដែលមានចំណងជើងថា "100 ហេតុការណ៍: ប្រវត្តិសាស្រ្តនៃពិភពលោក"។ នៅក្នុងផ្នែកទី 6 នេះ មិត្តអ្នកអាននឹងដឹងពីព្រឹត្តិការណ៍ប្រវត្តិសាស្ត្រជាច្រើនដែលបានកើតឡើងនៅអឺរ៉ុប និងអាស៊ី ចាប់ពីការផ្ទុះឡើងនៃសង្គ្រាមលោកលើកទី 1 រហូតដល់ការរំលាយសហភាពសូវៀត រួមទាំងបដិវត្តន៍រុស្ស៊ី វិបត្តិសេដ្ឋកិច្ចពិភពលោក សង្គ្រាមលោកលើកទី 2 ការចុះចតនៃអាប៉ូឡូ 11 នៅលើព្រះច័ន្ទ និងព្រឹត្តិការណ៍ជាច្រើនទៀតពេញមួយសតវត្សទី 20 ។
520 _a 100 Scenes Series​ of comics is a translation of a Korean visuals book series entitled “100 Scenes Series: The History of the World”. In this 6th part, readers will know many historical events which took place in Europe and Asia, from the outbreak of World War I to the dissolution of the Soviet Union, including the Russian Revolution, the global economic crisis, World War II, the landing of Apollo 11 on the moon and many other events throughout the 20th century.
521 8 _a1060
_bLexile estimate
521 8 _aZ'
_bRaz-Plus
650 _aសង្រ្គាមលោក
_vបដិវត្តន៍
_xប្រវត្តិសាស្រ្ត
650 _aWorld war
_vRevolution
_xHistory
700 _aJae-hwan, shin
_eAuthor
700 _aDong-ho, Jeong
_eAuthor
700 _aJae-hwan, shin
_eillustrator
700 _aDong-ho, Jeong
_eillustrator
700 _aVanda, Touch
_eTranslator
942 _2ddc
_cKHB
_n0
999 _c1720
_d1720